Sanderlinge aus dem Volke der Alpen Dritter Band

Bibliographic Details
Main Author: Rosseger, P. K. (Author)
Format: Book
Language:English
PhysicalDescription:259 s.
Published: Pretzburg Gustav Heckenast 1876

MARC

LEADER 00000nam a2200000 a 4500
001 vtls010285267
003 SK-MaSNL
005 20260301031831.0
008 240315 000 0 eng
040 |a SNK  |b slo  |c SNK  |e AACR2 
100 1 |a Rosseger, P. K.  |4 aut  |9 328014 
245 1 |a Sanderlinge aus dem Volke der Alpen  |n Dritter Band  |c P. K. Rosseger 
260 |a Pretzburg  |b Gustav Heckenast  |c 1876 
300 |a 259 s. 
999 |c 577393  |d 579323 
952 |a SNK  |b SNK  |y PREZ  |7 0  |p 17A0699312  |o snkSD 20121/3  |i snkD 2014/61  |8 1  |3 rekatalogizácia  |0 0  |1 0  |4 0  |d 2011-06-11  |l 0  |r 2025-12-03 00:00:00  |w 2026-02-23